• 首页
  • 本馆介绍
  • 公告通知
  • 最新文献
  • 馆藏检索
  • 电子资源
  • 读者导购
  • 参考咨询
  • 我的图书馆
  • 登录
  • 详细信息显示
  • 放入我的书架
  • 预约/预借图书
  • 作者相关作品
  • 分类相关作品
  • 丛书相关作品
  • 出版社相关作品

书目信息

  • 表格格式
  • 工作单格式
  • 卡片格式
书名: Watching television
作者: Todd Gitlin, editor.
分册号:
分册名:
出版地: New York :
 
出版社: Pantheon Books
出版时间: c1986.
页数: vi, 248 p. ;
开本: 24 cm.
丛书名:
中图分类号:
科图分类号:
其他分类号: G229.7
主题词:
电子资源:
000 00789cam a2200265 a 4500
001 E0730893225
003 CAL
005 20070711083634.40
008 860512s1986 nyu b 000 0 eng
010    @a 86012254 //r92
020    @a0394746511 (pbk.).
020    @a039454496X.
040    @aDLC@cDLC@dDLC
043    @an-us---
050 00 @aPN1992.3.U5@bW38 1987
082 00 @a791.45/75/0973@219
090    @aG229.7
093    @aG229.7123
099    @dG229.7@ex63
245 00 @aWatching television :@ba Pantheon guide to popular culture / @cTodd Gitlin, editor.
260    @aNew York :@bPantheon Books,@cc1986.
300    @avi, 248 p. ;@c24 cm.
504    @aIncludes bibliographical references (p. [229]-246).
650  0 @aTelevision programs@zUnited States.
700 10 @aGitlin, Todd.
    
    Watching television : : a Pantheon guide to popular culture / / Todd Gitlin, editor.-New York : : Pantheon Books, , c1986.
    vi, 248 p. ; ; 24 cm.
    Includes bibliographical references (p. [229]-246).
    
    ISBN 0394746511 (pbk.).
    
●
相关链接 在E读中查询图书 在五车中查询图书 在当当中查询图书 在豆瓣中查询图书


正题名:Watching television     索取号:G229.7/x63         预约/预借

序号 登录号 条形码 馆藏地/架位号 状态 备注
1 0012859   300128591   第二样本阅览室/ [索取号:G229.7/x63] 在馆    
2 0012860   300128608   第四借阅区/ [索取号:G229.7/x63] 在馆    
唐山师范学院图书馆 欢迎您!
大连网信软件有限公司© 版权所有